How to keep bees and process honey (Record no. 1462)
[ view plain ]
| 000 -LEADER | |
|---|---|
| fixed length control field | 00516nam a22001817a 4500 |
| 005 - DATE AND TIME OF LATEST TRANSACTION | |
| control field | 20241127141620.0 |
| 008 - FIXED-LENGTH DATA ELEMENTS--GENERAL INFORMATION | |
| fixed length control field | 241127b |||||||| |||| 00| 0 eng d |
| 022 ## - INTERNATIONAL STANDARD SERIAL NUMBER | |
| International Standard Serial Number | 18738192 |
| 040 ## - CATALOGING SOURCE | |
| Original cataloging agency | KMU |
| Transcribing agency | KMU |
| Modifying agency | KMU |
| 110 ## - MAIN ENTRY--CORPORATE NAME | |
| Corporate name or jurisdiction name as entry element | Technical Centre for Agricultural and Rural Cooperation (CTA) |
| 245 ## - TITLE STATEMENT | |
| Title | How to keep bees and process honey |
| 260 ## - PUBLICATION, DISTRIBUTION, ETC. | |
| Place of publication, distribution, etc. | Netherlands: |
| Name of publisher, distributor, etc. | CTA, |
| Date of publication, distribution, etc. | 2007 |
| 300 ## - PHYSICAL DESCRIPTION | |
| Extent | I,6 P.: |
| Other physical details | ill.; |
| Dimensions | 7cm |
| 490 ## - SERIES STATEMENT | |
| Series statement | CTA practical guide series, N0.13 |
| 650 ## - SUBJECT ADDED ENTRY--TOPICAL TERM | |
| Topical term or geographic name entry element | Bees |
| 650 ## - SUBJECT ADDED ENTRY--TOPICAL TERM | |
| Topical term or geographic name entry element | Honey |
| 942 ## - ADDED ENTRY ELEMENTS (KOHA) | |
| Koha item type | Serials |
| Suppress in OPAC | No |
| Source of classification or shelving scheme | Dewey Decimal Classification |
| Withdrawn status | Lost status | Damaged status | Not for loan | Collection | Home library | Current library | Shelving location | Date acquired | Total Checkouts | Full call number | Barcode | Date last seen | Price effective from | Koha item type |
|---|---|---|---|---|---|---|---|---|---|---|---|---|---|---|
| Not For Loan | Non-fiction | Kapasa Makasa University | Kapasa Makasa University | Special Collection | 27.11.2024 | CTA(08)PGS/13H | B35909 | 27.11.2024 | 27.11.2024 | Serials | ||||
| Not For Loan | Non-fiction | Kapasa Makasa University | Kapasa Makasa University | Special Collection | 27.11.2024 | CTA(08)PGS/13F | B3908 | 27.11.2024 | 27.11.2024 | Serials | ||||
| Not For Loan | Non-fiction | Kapasa Makasa University | Kapasa Makasa University | Special Collection | 27.11.2024 | CTA(08)PGS/13G | B3907 | 27.11.2024 | 27.11.2024 | Serials | ||||
| Not For Loan | Non-fiction | Kapasa Makasa University | Kapasa Makasa University | Special Collection | 27.11.2024 | CTA(08)PGS/13E | B3906 | 27.11.2024 | 27.11.2024 | Serials |